Football players by Team History #6 - Statistics

General Stats
  • This quiz has been taken 2,335 times
    2,330 since last reset
  • The average score is 8 of 10
Answer Stats
Hint Answer % Correct
Lionel Messi 2003-2021 Barcelona
97%
Gareth Bale 2006-2007 Southampton
93%
Jude Bellingham 2019-2020 Birmingham City
92%
Kylian Mbappé 2015-2018 AS Monaco
90%
Christian Eriksen 2010-2013 Ajax
78%
Matthijs de Ligt 2016-2019 Ajax
78%
Isco 2009-2011 Valencia
73%
Rafael Leão 2016-2018 Sporting CP
72%
Giorgio Chiellini 2000-2002 Livorno
68%
Dries Mertens 2005-2007 AA Gent
64%
No matching quizzes found
Score Distribution
Percent of People with Each Score
Percentile by Number Answered
Your Score History
You have not taken this quiz since the last reset